000
00295nam a22001457a 4500
003
SGT
082
_a
612
_b
H75B
100
_a
BABSKY, E.
245
_a
HUMAN PHYSIOLOGY
250
_a
2ND
260
_a
MOSCOW
_b
MIR PUB
_c
1975
300
_a
418
650
_a
HUMAN PHYSIOLOGY
942
_2
ddc
_c
RARE
999
_c
29372
_d
29372